Miami Heat 2010's Starters - Statistics

General Stats
  • This quiz has been taken 1,251 times
    1,153 since last reset
  • The average score is 10 of 23
Answer Stats
Player Starts % Correct
Dwyane Wade 7
100%
LeBron James 4
99%
Chris Bosh 6
97%
Mario Chalmers 4
82%
Goran Dragic 3
72%
Hassan Whiteside 5
69%
Udonis Haslem 1
67%
Shane Battier 1
55%
Jermaine O'Neal 1
45%
James Johnson 1
39%
Tyler Johnson 1
39%
Josh Richardson 2
38%
Quentin Richardson 1
38%
Joel Anthony 1
34%
Justise Winslow 1
33%
Dion Waiters 1
26%
Luol Deng 2
21%
Kelly Olynyk 1
20%
Zydrunas Ilgauskas 1
20%
Carlos Arroyo 2
11%
Rodney McGruder 2
9%
Luke Babbitt 1
8%
Michael Beasley 1
2%
No matching quizzes found
Score Distribution
Percent of People with Each Score
Percentile by Number Answered
Your Score History
You have not taken this quiz since the last reset